Evaluación del desempeño de mezclas asfálticas con tamaño máximo nominal de agregado de 12,5 mm y 19,0 mm
Shranjeno v:
| Glavni avtor: | |
|---|---|
| Drugi avtorji: | |
| Format: | Knjiga |
| Jezik: | Spanish |
| Izdano: |
[San José], Costa Rica
2021
|
| Teme: | |
| Oznake: |
Označite
Brez oznak, prvi označite!
|
MARC
| LEADER | 00000nam a2200000Ia 4500 | ||
|---|---|---|---|
| 003 | 013362 | ||
| 005 | 20240110113205.0 | ||
| 008 | 140116s2021 cr a 000 ||spa d | ||
| 040 | |c cru CEDI | ||
| 100 | |a Cerdas Murillo, Álvaro Antonio, 1995- |9 86 | ||
| 245 | |a Evaluación del desempeño de mezclas asfálticas con tamaño máximo nominal de agregado de 12,5 mm y 19,0 mm | ||
| 260 | |a [San José], Costa Rica |c 2021 | ||
| 500 | |a Proyecto de graduación (licenciatura en ingeniería civil)--Universidad de Costa Rica. Facultad de Ingeniería. Escuela de Ingeniería Civil | ||
| 501 | |a Director de Proyecto de Graduación: Ing. Víctor Cervantes Calvo | ||
| 650 | |x ASFALTO - HUMEDAD |x PAVIMENTOS DE ASFALTO |x ASFALTO - FATIGA |x MEZCLAS DE EMULSION ASFALTICA - PRUEBAS - EVALUACION | ||
| 700 | |9 87 |a Cervantes Calvo, Víctor Hugo, 1972 |d Director del TFG | ||
| 942 | |c TFG |h TFG 8513 |i 013362 |6 TFG_8513_013362000000000 | ||
| 999 | |c 21864 |d 21864 | ||
